Rozpočtové pravidlá verejnej správy-opakovanie novely

Bibliographic Details
Format: Article
Language:Slovak
ISSN:1335-1796
Subjects:

MARC

LEADER 00000nab a2200000 ar4500
001 vtls008826122
003 SK-MaSNL
005 20260304031018.0
008 060626c2005 xo mr|p|||||||000 b|slo
015 |a SNBRB2006/06 
038 |a SNKBUCL 
040 |a SNKBUCL  |b slo  |e AACR2  |c SNKBUCL 
041 0 |a slo 
044 |a xo  |c SK 
080 |a 336.14  |2 1997 
080 |a 35  |2 1997 
245 0 0 |a Rozpočtové pravidlá verejnej správy-opakovanie novely 
650 0 7 |a verejná správa  |2 snkbucl  |9 1538 
650 0 7 |a rozpočet  |2 snkbucl  |9 502938 
650 0 7 |a rozpočtové pravidlá  |2 snkbucl  |9 83556 
773 0 |t Škola  |g Roč. X., č. 5 (2005), s. 6-27  |x 1335-1796 
852 |a SNK  |b KIS3GCP 
958 |a SK 
999 |c 2636021  |d 2637951